Análisis de las razones por las que la mediación del Grupo de Contadora en el conflicto centroamericano no fue aceptada por los Estados del Istmo /
Saved in:
| Main Author: | |
|---|---|
| Format: | Text |
| Subjects: | |
| Tags: |
Add Tag
No Tags, Be the first to tag this record!
|
MARC
| LEADER | 00000 a a2200000 04500 | ||
|---|---|---|---|
| 001 | 17147 | ||
| 003 | |||
| 040 | |||
| 100 | |a Antillón Salazar, Alvar | ||
| 245 | |a Análisis de las razones por las que la mediación del Grupo de Contadora en el conflicto centroamericano no fue aceptada por los Estados del Istmo / |c Alvar Antillón Salazar | ||
| 650 | |a ORGANIZACIONES REGIONALES | ||
| 650 | |a POLITICA INTERNACIONAL | ||
| 650 | |a RELACIONES INTERNACIONALES | ||
| 773 | |g volumen 7, número 2; páginas 453-502 | ||
| 999 | |c 27890 |d 27890 | ||
